000 00799nam a2200241Ia 4500
003 OSt
005 20221005133743.0
006 a|||||r|||| 00| 0
007 ta
008 221004b |||||||| |||| 00| 0 pan d
020 _c695
024 _a87674
037 _b485, 09/03/2007, Manpreet Parkashan
_cTextual
040 _aCRL
_cCRL
_bpan
041 _2pan
_apan
082 _aO153,6N40:g, P6
100 _aਕੇਸਰ, ਜਸਬੀਰ, ਥਦ।
245 0 _aਡਾ. ਕੇਸਰ ਸਿੰਘ ਕੇਸਰ ਡਾਇਰੀ ਚਿੱਠੀਆਂ ਅਤੇ ਕਵਿਤਾ
260 _c2006
300 _a688ਬ।
_ccm.
942 _hO153,6N40:g, P6
_cTEXL
_2cc
999 _c1067792
_d1067792